00361nam a22001457a 4500003000800000005001700008008004100025040001800066041000900084082001500093100001600108245003600124260003600160300001900196IBSLLIB20260515060417.0260515b |||||||| |||| 00| 0 eng d aIBSLLIB beng hEng  a336.2bGUI aVAT Branch  aGuide to Value Added Tax (VAT)  aColombo : bVAT Branch , c2003 a208 ; c23 cm